000 00415nam a22001217a 4500
999 _c3883
_d3883
005 20210416110632.0
008 210416b ||||| |||| 00| 0 eng d
020 _a9780199078646
040 _cCML
245 _aMathematics: Learner's Book-9
_cMiti M., Monde M., Simutowe H., Potgieter R., Pretorius J
260 _aCape Town
_bOxford University Press
_c2019
942 _2ddc
_cBK
_e1st Edition
_h510
_mMIT